[Event "Dresden zt 1.2"]
[Site "Dresden"]
[Date "1998.05.03"]
[Round "6"]
[White "Soln, Primoz"]
[Black "Wahls, Matthias"]
[Result "0-1"]
[WhiteElo "2350"]
[BlackElo "2605"]
[Annotator "Tisdall,J"]
[PlyCount "128"]
[EventDate "1998.04.28"]
[EventType "swiss"]
[EventRounds "11"]
[EventCountry "GER"]
[SourceTitle "CBM 065"]
[Source "ChessBase"]
[SourceDate "1998.08.06"]
[SourceVersion "1"]
[SourceVersionDate "1998.08.06"]
[SourceQuality "1"]

1. d4 Nf6 2. c4 e6 3. Nf3 Bb4+ 4. Bd2 Qe7 5. g3 Nc6 6. Bg2 Bxd2+ 7. Nbxd2 d6 8.
O-O a5 9. e4 e5 10. d5 Nb8 11. Ne1 h5 $5 {An interesting variation that has an
appalling statistical record (check your databases). Black aims to stake out
control over the dark squares on the kingside, but also creates weaknesses on
this flank. He must also beware an eventual opening of the position with f2-f4.
} 12. h3 h4 13. g4 Nfd7 (13... O-O 14. Nd3 Na6 15. Qe2 Nd7 (15... Nb4 $5) 16.
b3 Nac5 17. Nb2 c6 18. a3 cxd5 19. cxd5 Nb6 20. Qe3 Bd7 21. Rfc1 Rfc8 22. Rc3
Na6 23. Rac1 Rxc3 24. Rxc3 Qd8 25. Bf1 Nc8 26. f4 exf4 27. Qxf4 f6 28. Qf2 b5
29. Qxh4 b4 30. axb4 axb4 31. Rg3 Ne7 32. g5 Ng6 33. Qh5 Nf4 34. Qh4 Ng6 {
1/2-1/2 Danielsen,H-Adams,M/Erevan olm 1996/EXT 96ch2}) (13... Nbd7 14. Nd3 g5
15. Re1 (15. b3 Nf8 16. a3 Ng6 17. Re1 O-O 18. b4 Bd7 19. f3 b6 20. Qc2 c5 21.
bxc5 bxc5 22. Reb1 Rfb8 23. Rb2 Qd8 24. Rab1 Kf8 25. Bf1 Be8 26. Qc3 Rxb2 27.
Rxb2 Nd7 28. Be2 Nb6 29. Bd1 Qc7 30. Rb1 f6 31. Kh2 Kf7 32. Qb3 Ra6 33. Qb2 Ne7
34. Nc1 Nec8 35. Na2 a4 36. Nc3 Ra5 37. Be2 Bd7 38. Nf1 Qd8 39. Ne3 Qe7 40. Qc2
Kg8 41. Rb2 Ra6 42. Qb1 Kf8 43. Bd3 Qd8 44. Bc2 Ra5 45. Qd1 Ne7 46. Rb1 Ra6 47.
Bd3 Ng6 48. Qc1 Nf4 49. Bc2 Kg8 50. Bd1 Kf8 51. Nb5 Nc8 52. Qd2 Ke7 53. Bc2 Qa5
54. Qxa5 Rxa5 55. Nc3 Kd8 56. Rb7 Ra6 57. Rb2 {1/2-1/2 Piket,J-Shaked,T/Fontys
1997/CBM 61}) 15... Nc5 16. Nxc5 dxc5 17. Nf1 Kd8 18. b3 Ne8 19. Ne3 Rh6 20.
Qd2 Rb6 21. Rab1 a4 22. Qc3 f6 23. Nc2 axb3 24. axb3 Rba6 25. Qe3 Ra2 26. Rec1
b6 {1/2-1/2 Lein,A-Henley,R/Hastings 1982/MCD-r8}) (13... Bd7 14. f4 exf4 15.
Nd3 Na6 16. Qf3 Nh7 17. e5 dxe5 18. Nxe5 O-O 19. Qxf4 Rae8 20. Rae1 Bc8 21. Nd3
Qf6 22. Qxf6 Nxf6 23. a3 Rd8 24. Nf3 c6 25. g5 Nh7 26. g6 fxg6 27. Nxh4 Rxf1+
28. Rxf1 Nf8 29. Ne5 cxd5 30. Bxd5+ Be6 31. Nhxg6 Bxd5 32. Ne7+ Kh7 33. cxd5
Nd7 34. Rf4 {1-0 Jussupow,A-Lutz,C/BL9192 1992/BL 90}) 14. Nd3 Na6 (14... O-O
15. b3 Na6 16. a3 Nac5 17. Nb2 Re8 18. b4 axb4 19. axb4 Rxa1 20. Qxa1 Na6 21.
Nd3 c5 22. dxc6 bxc6 23. Nb3 d5 24. exd5 Nxb4 25. Nxb4 Qxb4 26. dxc6 Qxb3 27.
cxd7 Bxd7 28. Qd1 Qxd1 29. Rxd1 Be6 30. c5 Kf8 31. Re1 {1/2-1/2 Horvath,
J-Horvath,G/HUN-chT 1993/TD 93\08}) 15. b3 Nac5 16. Nb1 $6 (16. Nb2 $5 {
planning a3/b4 looks better. White's move renders this expansion implausible
in the short term.}) 16... Nf8 $1 {A very sensible regrouping that brings the
key squares f4 and h4 under control.} 17. Nxc5 dxc5 18. Nc3 Ng6 19. Re1 Ra6 20.
f3 {A rather ugly move, probably motivated by a fear of a kingside attack
involving (an eventual) ...Bxg4.} O-O 21. Qd2 Re8 22. a4 $2 {Ruling out
virtually the only active plan, an eventual expansion with a3 and b4. Now
white wonders what black can do to improve his position. It takes some time
for Wahls to decide, but time he has plenty of.} Bd7 23. Re3 Qg5 24. Rae1 Rb6
25. Nb1 Rb4 26. Qc3 Nf4 27. Na3 Ra8 28. Nc2 Rb6 29. Bf1 Rg6 30. Qd2 Rd6 31. Qc3
Rda6 32. Na3 Rg6 33. Nb1 Rb6 34. Nd2 Raa6 35. Nb1 Rb4 36. Nd2 Rg6 37. Ra1 Rgb6
38. Ree1 Ra6 39. Qe3 Qe7 40. Qc3 Ra8 41. Re3 Ng6 42. Rc1 Rb6 43. Ra1 Qg5 44.
Bg2 Rba6 {After a great deal of relatively meaningless probing, black now
unfolds a constructive plan. First, he secures the a5 pawn, the only weak spot
in his position, before turning his attention to a breakthrough on the
kingside.} 45. Rae1 Re8 46. R3e2 Raa8 47. Re3 Re7 48. Nb1 b6 49. Qb2 Rae8 50.
Nc3 Nf4 51. Nd1 g6 {At last the signal for decisive action has been given.
Line-opening with the break f7-f5 is imminent.} 52. Qc3 f5 (52... Kh7 $5 {
in order to create more chances of using the g-line later was also possible.})
53. exf5 (53. Nf2 fxg4 54. fxg4 {looks safer, when it remains difficult to
breach white's position. However, white would remain totally passive in this
case, whereas in the game things become rather more complex.}) 53... gxf5 54.
Nf2 e4 {Now white's kingside shell comes under terrible pressure.} 55. Bf1 Ng6
$1 {Preparing to increase the pressure from e5.} 56. Kh1 (56. Bg2 Ne5) (56. Be2
$5 {was an interesting defensive try:} Ne5 57. fxe4 fxg4 (57... f4 58. Rf3 $44)
58. Nxg4 (58. Bxg4 Rf8 $1 {is worse as white is tied to defence of the f-line
and g4.}) 58... Bxg4 59. Bxg4 Nxg4 60. hxg4 Qxg4+ 61. Kh1 (61. Kh2) 61... Rg7
62. Qxg7+ $5 (62. Qc2 Re5 {with a dangerous attack.}) 62... Kxg7 63. Rg1 Qxg1+
64. Kxg1 Kf6 {and the entry of the black king to e5/d4 still gives white
problems.}) 56... Ne5 57. fxe4 fxg4 58. hxg4 Rg7 59. Bh3 $2 (59. Be2 {to keep
the h3 square as a possible defensive post for the N looks more attractive.
Black could again try the variation} Bxg4 {intending} 60. Bxg4 Nxg4 61. Nxg4
Qxg4 62. Qxg7+ Kxg7 63. Rg1 Qxg1+ 64. Kxg1 Kf6 {as seen above.}) 59... Rf8 {
The pressure now becomes unbearable with so many key points on the f-line
needing to be defended.} 60. Qb2 (60. R3e2 Nf3 (60... Rf3 61. Qc2 Nd3 62. Qxd3
Rxd3 63. Nxd3 Bxg4) 61. e5 Qf4 $1 (61... Nxe1 62. Qxe1) 62. Ne4 Nxe1 63. Nf6+
Rxf6 64. exf6 Nf3 $1 65. fxg7 Qg3 $19) (60. R1e2 Nxg4 $19) 60... Nf3 61. e5 (
61. R1e2 Qf4 62. Nd3 Qg3 $19) 61... Nxe1 62. Rxe1 Qf4 $1 63. Ne4 (63. Re2 Qg3
64. Bg2 h3 $1 $19) 63... Bxg4 64. Bg2 Bf3 (64... Bf3 65. Bxf3 Qxf3+ 66. Kh2
Qf4+ 67. Kh1 Qg4 $1 {mates.}) 0-1

[Event "EU-Cup 13th Group2"]
[Site "Eupen"]
[Date "1997.??.??"]
[Round "3"]
[White "Lev, Ronen"]
[Black "Kurajica, Bojan"]
[Result "0-1"]
[WhiteElo "2455"]
[BlackElo "2545"]
[Annotator "Tisdall,J"]
[PlyCount "78"]
[EventDate "1997.09.22"]
[EventType "team-k.o."]
[EventRounds "3"]
[EventCountry "BEL"]
[SourceTitle "EXT 2020"]
[Source "ChessBase"]
[SourceDate "2019.10.17"]
[SourceVersion "1"]
[SourceVersionDate "2019.10.17"]
[SourceQuality "1"]
[WhiteTeam "Herzliya Chess Club"]
[BlackTeam "Sarajevo Bosna"]
[WhiteTeamCountry "ISR"]
[BlackTeamCountry "BIH"]

1. d4 Nf6 2. c4 e6 3. Nf3 Bb4+ 4. Nbd2 d5 5. Qa4+ Nc6 6. a3 Bd6 7. e3 O-O 8. c5
(8. Bd3 Qe8 9. Qc2 e5 10. cxd5 Nxd4 11. exd4 e4 12. Bxe4 Nxe4 13. Qxe4 Qxe4+
14. Nxe4 Re8 15. Ne5 Bxe5 16. dxe5 Rxe5 17. f3 f5 18. Bf4 Re7 19. O-O fxe4 20.
fxe4 Rxe4 21. Rae1 Bf5 22. Bxc7 Rae8 {Lutz,C-Richter,W/BL9293 1993/BL 90/1/2-1/
2 (62)}) (8. Qc2 e5 9. cxd5 Nxd5 10. dxe5 (10. Bc4 Nf6 11. dxe5 Nxe5 12. Nxe5
Bxe5 13. Nf3 Bd6 14. b3 Qe7 15. Bb2 Bg4 16. Nd4 Be5 17. h3 Bd7 18. Rd1 c5 19.
Ne6 Bxe6 20. Bxe5 Bxc4 21. Bxf6 Bxb3 22. Bxe7 Bxc2 23. Bxf8 Bxd1 24. Bxc5 {
1/2-1/2 Bellon Lopez,J-Nikolac,J/Bahrain 1990/CBM 20/[Schussler]}) 10... Nxe5
11. Nxe5 Bxe5 12. Nc4 Bf6 13. Bd3 g6 14. O-O c6 15. e4 b5 16. exd5 bxc4 17.
Qxc4 cxd5 18. Qc2 Qb6 19. Rb1 Ba6 20. Bxa6 Qxa6 21. Bf4 Rfe8 22. Rfe1 d4 {
Schlosser,P-Petursson,M/Munich 1989/CBM 13/1-0 (48)}) 8... Be7 9. b4 Nd7 10.
Bb2 f5 11. b5 Ncb8 12. Qb3 c6 13. Rc1 (13. a4 {does not have the desired
effect of keeping black bottled up, since counterplay can be mounted against
the c5 square.} b6 $5 $132 (13... e5 14. Nxe5 Nxe5 15. dxe5 Nd7 (15... Bxc5)
16. Be2 (16. Bd4 Nxc5 17. Qc2 Ne4 18. Nxe4 fxe4 $36) 16... Nxc5 17. Qc2 $13))
13... cxb5 14. Bxb5 Nc6 15. O-O (15. h3 $5) 15... Qc7 16. Rc2 Bf6 17. Rb1 g5 $5
{Black wins with amazing power from this position, but this is due to partly
to the power of suggestion and partly a lack of a plan from white.} 18. Bc3 (
18. Qd3 $5 {looks better, keeping an eye on both the center and the kingside.}
g4 $140 19. Ne1 f4 $6 20. e4 (20. Qe2 $5)) 18... g4 19. Ne1 f4 20. Nf1 (20. Ba1
$5) 20... fxe3 21. fxe3 {It seems to me that the fearless alternative} (21.
Nxe3 $5 {was preferable:} Nxd4 $140 (21... Bxd4 22. Bxc6) (21... Qf4 22. Bxc6
bxc6 23. Qa4 $16) (21... h5 {only further exposes the black king, and white
can consider} 22. Nxd5 $5 exd5 23. Qxd5+ Rf7 24. Bc4) 22. Bxd4 (22. Nxd5 $6
Qxc5) 22... Bxd4 23. Nxd5 Qd8 (23... Qe5 24. Ne7+ Kh8 25. Nd3 Qf6 (25... Qg7
26. Nxc8 Raxc8 27. Bxd7 Qxd7 28. Qxb7) 26. Nxc8 Nxc5 27. Nxc5 Bxc5 28. Bd7
Bxf2+ 29. Kh1 Be1 30. Qe3 $8 $18) 24. Qc4 Bg7 (24... Bxc5 25. Bxd7 Qxd7 26.
Qxg4+ Kh8 27. Rxc5 $18) (24... Bxf2+ 25. Rxf2 Rxf2 26. Qxg4+ Kh8 27. Kxf2 exd5
28. Bxd7 $18) 25. Ne3 $16) 21... Bg5 22. g3 $6 {[%csl Rf3] Creating a
regrettable weakness at f3.} Nf6 23. Nd3 Bd7 24. Nf4 Rae8 {Black's position is
the much more dynamic. The weakness on b7 is easily guarded, while the
liberating advance ...e5 will expose white's frailer center and kingside.} 25.
Be2 Bc8 26. Rcb2 Qf7 {Now b7 and d5 are guarded and black is ready to go over
to the attack.} 27. Bb5 Ne4 28. Nd2 Nxc3 {Softening up the dark squares before
opening up the position.} 29. Qxc3 Qg7 {Again preparing ...e5. Now that black
owns the bishop pair, guarding d5 is less critical and line-opening has the
highest priority.} 30. Nb3 e5 31. dxe5 (31. Nxd5 exd4 32. exd4 Be6 33. Z0 Rf3
$140) 31... Nxe5 32. Kg2 Rd8 33. Nd4 Nf3 34. Rb4 (34. c6 $5) 34... Bf6 35. Rd1
$6 (35. c6 {still looks like the best chance to create counterplay.}) 35... Qh6
36. Rh1 (36. h4 Bxd4 $17 (36... gxh3+ $5 37. Kxf3 Qh5+ $3 38. Nxh5 Bxd4+ 39.
Nf4 Bxc3 $17) 37. Rbxd4 Nxd4) 36... Bxd4 37. exd4 Rxf4 $1 38. gxf4 Qxf4 {
threatening ...Nxd4 and ...Qe4 or ...Rf8 and ...Nh4.} 39. Qc1 $4 {Blunders the
queen, but Whites' position was lost anyway} (39. Rb3 Nxd4 40. Rb4 Nxb5 41.
Rxb5 Qe4+ 42. Kg1 d4 43. Qd2 Rf8 $19) (39. Rbb1 Nh4+ 40. Kg1 Qe4 $1 41. Qb2 a6
$1 42. Bf1 Rf8 $1 $19) 39... Nh4+ 0-1

[Event "Arnold Cup"]
[Site "Gausdal"]
[Date "1993.??.??"]
[Round "9"]
[White "Skembris, Spyridon"]
[Black "Tiviakov, Sergei"]
[Result "0-1"]
[WhiteElo "2565"]
[BlackElo "2575"]
[Annotator "Tisdall,J"]
[PlyCount "60"]
[EventDate "1993.04.??"]
[EventType "swiss"]
[EventRounds "9"]
[EventCountry "NOR"]
[SourceTitle "CBM 038"]
[Source "ChessBase"]
[SourceDate "1994.02.01"]
[SourceVersion "1"]
[SourceVersionDate "1994.02.01"]
[SourceQuality "1"]

1. d4 Nf6 2. c4 e6 3. g3 d5 4. Nf3 Bb4+ 5. Bd2 Be7 6. Bg2 c6 7. Qc2 b6 {
Tiviakov's yndlingssystem. He specialises in showing the dynamic side of this
solid set-up.} 8. O-O Bb7 9. Rd1 O-O 10. Ne5 Nfd7 11. Nd3 $5 {A sign that
Skembris seeks complicated play. As he said after the game, if he was after
peace he would have played} (11. Nxd7 Nxd7 12. e4 {with a simple position.})
11... Na6 12. a3 {Restricting the a6 knight and envisaging a cramping
expansion with b4.} Rc8 13. Be3 Bf6 14. Nd2 Qe7 15. Rac1 {The final
preparation for b4. Now black must act.} c5 16. dxc5 bxc5 17. Nb3 Nb6 $1 18.
Na5 $6 {Here Skembris had calculated an intersting piece sacrifice:} (18. cxd5
c4 19. d6 Qd7 (19... Qxd6 20. Bxb7 {is good for white.}) 20. Bxb7 cxb3 21. Bxc8
bxc2 22. Bxd7 cxd1=Q+ 23. Rxd1 Nxd7 24. Bxa7 {leads to an interesting ending
where white's pawns are certainly worth a piece , especially since black still
has trouble getting his Sa6 to work. But Skembr is had not foreseen the coming
tactical problems in the game continuation.}) 18... Ba8 19. cxd5 exd5 20. Bxc5
Nxc5 21. Nxc5 Nc4 $1 22. Nd3 (22. b4 Nxa5 23. bxa5 Rc7 {and white is helpless
against the simple plan of doubling rooks against the Sc5, f. eks.} 24. Bxd5
Rfc8 25. Bxa8 Rxc5 {and wins.}) (22. Na4 $5 {May be a better practical chance,
but} Nxb2 $1 {Tiviakov's original intention of} (22... Bg5 $2 23. f4 Ne3 24.
Qxc8 Nxd1 {fails to} 25. Qc5 $1 {and white wins.}) 23. Qxc8 Nxd1 24. Qc2 {
when the Sd1 cannot exit via c3. But here black has} Nxf2 $1 25. Kxf2 Bd4+ 26.
Ke1 Qe3 27. Bf1 {Otherwise ...Dg1+ and Le3+ win the Tc1.} Qf2+ 28. Kd2 Be3+ 29.
Kd3 d4 $1 {and black should win. The Tc1 cannot escape due to ...Df5+ and
black can take the rook, the kingside pawns, and continue his attack against
white's uncoordi nated forces.}) 22... Nxb2 $1 23. Qxc8 Nxd1 {In time trouble
white's position is very unpleasant. The pawns on e2 and a3 are weak, and
black's pieces are very active.} 24. Nc6 Qxe2 $1 {24...Dxa3!? is good, but
this is best.} 25. Qf5 Nc3 26. Nce5 Qd2 $1 27. Re1 $2 {The last chance was} (
27. Rf1 {when black can force a good ending with} Qg5) 27... Bxe5 $1 {White's
pieces are overbelastet.} 28. Rxe5 Ne2+ 29. Rxe2 (29. Kf1 Nd4 {and the Sd3
falls.}) 29... Qxe2 30. h4 (30. Bxd5 $2 g6 31. Qd7 Qd1+ $1 (31... Qxd3 $4 32.
Bxf7+ {and Dxd3.}) 32. Kg2 Qxd3 {and the Ld5 is doubly pinned.}) 30... g6 {
and white resigned since he faces a hopeless ending after 31.Df3.} 0-1

[Event "Alushta"]
[Site "Alushta"]
[Date "1999.03.04"]
[Round "2"]
[White "Atalik, Suat"]
[Black "Zubov, Alexander"]
[Result "1-0"]
[WhiteElo "2593"]
[BlackElo "2502"]
[Annotator "Tisdall,J"]
[PlyCount "105"]
[EventDate "1999.03.03"]
[EventType "tourn"]
[EventRounds "11"]
[EventCountry "UKR"]
[EventCategory "10"]
[SourceTitle "CBM 070"]
[Source "ChessBase"]
[SourceDate "1999.06.08"]
[SourceVersion "1"]
[SourceVersionDate "1999.06.08"]
[SourceQuality "1"]

1. d4 {Atalik} Nf6 2. c4 e6 3. Nf3 Bb4+ 4. Bd2 a5 5. Nc3 {'!' Atalik.} d5 (5...
b6 {Atalik} 6. Bg5 $5) 6. cxd5 ({Omitting the capture cxd5 leads to play very
similar to classical declined Queen's Gambit positions:} 6. Bg5 h6 7. Bxf6 Qxf6
8. e3 O-O (8... c5 9. cxd5 exd5 10. Bb5+ Bd7 11. O-O Bxc3 12. Bxd7+ Nxd7 13.
bxc3 O-O 14. Rb1 Qc6 15. Qb3 $14 {0-1 Ehlvest,J-Aleksandrov,A/PCA Qualifier g/
25 Moscow RUS 1996 (32)}) 9. Rc1 (9. a3 Bxc3+ 10. bxc3 dxc4 11. Bxc4 b6 12. O-O
Bb7 13. Re1 Nd7 14. e4 Rfd8 15. Bb5 Qe7 16. Qb3 Rab8 17. Rab1 Ba8 18. a4 $14 {
1-0 Khalifman,A-Gofshtein,L/Ubeda Open 1997 (45)}) 9... Nd7 10. a3 Bxc3+ 11.
Rxc3 c6 12. Be2 dxc4 13. Bxc4 e5 14. O-O exd4 15. Nxd4 Nb6 16. Ba2 Rd8 17. Rc5
$1 g6 18. Qe1 $1 $14 {1-0 Lobron,E-Landenbergue,C/Ptuj 1995/CBM 47 (53) It is
worth noting that in each of these games black experienced trouble equalizing
fully due to the weakening of the queenside resulting from the move ...a7-a5.})
6... exd5 7. Bg5 (7. e3 {can hardly be an attempt to get an advantage.} O-O 8.
Bd3 Nbd7 9. O-O Re8 10. a3 Bd6 11. Qc2 c6 12. Rab1 Qe7 13. Rfc1 Ne4 14. Be1
Ndf6 $15 {1-0 Fiodorov,M-Rosenbeiger,A/Koszalin 1998/EXT 99 (29)}) (7. g3 O-O
8. Bg2 c6 9. O-O {1/2-1/2 Dzindzichashvili,R-Benjamin,J/Parsippany 1996/CBM 55
(9)}) 7... O-O (7... c6 8. Qc2 O-O 9. e3 Re8 10. Bd3 h6 11. Bh4 Nbd7 12. O-O
Be7 13. Nd2 Nf8 14. Rae1 g6 15. f3 Nh5 16. Bf2 $14 {1-0 Popov,V-Sazhin,M/Open,
Novgorod RUS 1999 (35)}) (7... h6 {is more flexible if black wishes to advance
his kingside pawns, which does not necessarily fit in with castling on that
flank.}) (7... h6 {Atalik} 8. Bh4 g5 9. Bg3 Ne4 10. Nd2 Nxc3 11. bxc3 Bxc3 12.
Rc1 $16) 8. e3 h6 9. Bh4 g5 $6 (9... c6 $142 {Atalik}) 10. Bg3 Ne4 {Now we
have a situation akin to the Ragozin variation of the Queen's Gambit (D38),
with the move a5 factored in. In fact, without the moves e3 for white and 0-0
for black, this would be quite a topical position in that opening, with black
having the move ...a5 for free.} 11. Nd2 $5 {'!' Atalik.} c5 $2 {This sheds a
pawn without compensation. Black could try to grab a pawn at considerable risk:
} (11... Nxc3 12. bxc3 Bxc3 13. Rc1 Bxd2+ (13... Bb4) 14. Qxd2 c6 (14... Nc6 {
Atalik} 15. h4 g4 16. h5 $16 {xc7}) 15. h4 $44 {or, settle for the bishop pair
in return for a slightly breezy kingside:}) (11... Nxg3 $5 12. hxg3 Kg7 13. Qh5
(13. Bd3 $14) 13... Rh8 14. Bd3 $14) 12. Ndxe4 cxd4 (12... dxe4 13. dxc5 {
and black has no way to reestablish material equality, e.g.} (13. a3 {Atalik}
Bxc3+ 14. bxc3 $16) 13... Nd7 14. Bd6 Re8 15. Bb5) 13. Qxd4 dxe4 (13... Nc6 {
Atalik} 14. Qxd5) 14. Qxe4 Re8 15. Qc2 Nc6 16. Bc4 {[%csl Rg6] '!' Atalik.} (
16. Bd3 $6 {Atalik} Nd4 17. Qd2 Bf5 18. Rd1 Bg4 $132) 16... Qf6 17. O-O Bxc3
18. Qxc3 {'!?' Atalik.} (18. bxc3 {Atalik} Be6) 18... Qxc3 19. bxc3 Be6 20.
Bxe6 {'!' Atalik.} Rxe6 21. Rab1 (21. Rfd1 $6 {Atalik} b5 $132) 21... Rd8 $1 {
The best way to resist, black insists on some activity.} (21... Re7 {Atalik}
22. Rfd1 $16) 22. Rxb7 Rd2 23. Ra1 Rc2 24. h4 Rxc3 {'?!' Atalik.} (24... gxh4
$5 {is a bit counterintuitive, but allowing the pawn to h5 creates a lot of
trouble for black in various endings.}) (24... gxh4 $1 {Atalik} 25. Bxh4 Rxc3
26. a4 $16) 25. h5 $1 {[%csl Rh6][%cal Ga1h8,Gg3e5] '+-!' Atalik.} Rc5 {
'?!' Atalik.} (25... Ra3 26. Rb3 $16) (25... a4 $142 {Atalik} 26. Rd1 Rc2 27.
a3 Rc3 28. Bd6 Re4 29. Rc7 $18) 26. a4 Rc4 27. Rb5 {'!' Atalik.} Re7 28. Rd1 {
'!' Atalik.} Rxa4 29. Rc5 Re6 30. Rd6 {'!' Atalik.} Ne7 (30... Rxd6 31. Bxd6
Nb4 32. Rc8+ (32. Be5 f5 33. Rc7 $16) (32. Bc7 Ra1+ 33. Kh2 Nd3 $1) 32... Kg7
33. Be5+ f6 34. Rc7+ Kg8 35. Bxf6 Nd5 36. Rg7+ Kf8 37. Rg6) 31. Be5 Rxd6 32.
Bxd6 Re4 33. Rxa5 Re6 {'(+)' Atalik.} 34. Ba3 Nc6 35. Ra8+ Kg7 36. Bb2+ f6 37.
Ba3 f5 38. Bb2+ {'!' Atalik.} (38. Rf8 {Atalik} Re5 39. Rc8 Re6) 38... Kf7 39.
Rh8 Ne7 (39... f4 {Atalik} 40. Rh7+ Kg8 41. Rg7+ Kf8 42. exf4 gxf4 43. Rb7 Kg8
44. Kh2 $18) 40. Ba3 Ra6 (40... Ng8 {Atalik} 41. Rh7+ Ke8 42. Rg7 Nf6 43. Rg6
Rb6 44. Bb2 $18) 41. Rh7+ Kg8 42. Rxe7 Rxa3 43. Re5 f4 44. exf4 gxf4 45. Rf5 f3
(45... Ra4 {Atalik} 46. Kh2 Kg7 47. Kh3 Ra1 48. Rxf4 Rh1+ 49. Kg4 Rh2 50. g3
$18) 46. g3 $1 $18 {[%csl Rf3]} (46. Rxf3 {Atalik} Rxf3 47. gxf3 Kf7 48. Kg2
Ke6 (48... Kf6 49. f4 $18) 49. f4 Kd5 50. Kf3 Kd4 51. Kg4 Ke4 52. f3+ $18)
46... Kg7 47. Kh2 Ra2 48. Rxf3 Ra5 49. g4 Ra4 50. Kg3 Rb4 51. Rd3 Rb7 52. f4
Rb5 53. Kf3 1-0